000 00690nam a2200289Ia 4500
005 20260324125853.0
008 008 260324s9999 xx 000 0 eng d
020 _a9780429240676
037 _aEBOOK
040 _aCRL
040 _beng
040 _cCRL
041 _2eng
041 _aeng
084 _qCRL
100 _aCristiano Antonelli
_91071989
245 0 _aLocalised Technological Change
245 0 _bTowards the Economics of Complexity
260 _bTaylor and Francis
260 _c2008
365 _a
365 _b160
856 _uhttp://www.taylorfrancis.com/books/9780429240676
942 _cEBOOK
999 _c1775273
_d1775273